000 00621nam a22001817a 4500
999 _c193206
_d193206
005 20221017171005.0
010 _aENG-135467
020 _a9789391490591
_c1280.00
035 _aEN-118999
037 _bDBAD/PUB
082 _a327.1252
100 _aWilliams, Brad
245 _aJapanese foreign intelligence and grand strategy/
_cby Brad Williams
260 _aNew Delhi
_bKW Publishes pvt. ltd.
_c2021
270 _a4676/21, first floor, ansari road, daryaganj
_bNew Delhi
_e110002
_k011-43528107
_mkw@kwpub.in
300 _a279p.
_c23cm(hbk)
_bBibliography & Index
942 _2ddc
_cEN
_mWIL
_h327.1252